[Event "Crema op 12th"]
[Site "Crema "]
[Date "2010.09.05"]
[Round "3"]
[White "Peschechera, Francesco"]
[Black "Giallombardo, Federico"]
[Result "1-0"]
[WhiteElo "1704"]
[BlackElo "1919"]
[PlyCount "87"]
[EventDate "2010.09.05"]
[EventType "swiss"]
[EventRounds "6"]
[EventCountry "ITA"]
[SourceTitle "EXT 2012"]
[Source "ChessBase"]
[SourceDate "2011.11.24"]
[SourceVersion "1"]
[SourceVersionDate "2011.11.24"]
[SourceQuality "1"]

1. e4 c6 2. d4 d5 3. exd5 cxd5 4. Nf3 Qc7 5. Be3 Nf6 6. Bd3 Bg4 7. Nbd2 Nc6 8. 0-0 e6 9. Rc1 Be7 10. c4 0-0 11. a3 a5 12. Qc2 Qb8 13. Rfe1 Rc8 14. Qa4 Bh5 15. Rc2 Bg6 16. Bxg6 hxg6 17. cxd5 Nxd5 18. Bg5 Bxg5 19. Nxg5 b5 20. Qb3 Nxd4 21. Rxc8+ Qxc8 22. Qh3 Nf6 23. Nde4 Nh5 24. g4 e5 25. Nxf7 Ne2+ 26. Rxe2 Qc1+ 27. Qf1 Qxf1+ 28. Kxf1 Nf4 29. Rc2 Kxf7 30. Nd6+ Ke6 31. Nxb5 Rd8 32. Ke1 Rh8 33. Rc6+ Kd5 34. Ra6 Nd3+ 35. Ke2 Nxb2 36. Rxg6 Rh7 37. Nc3+ Kd4 38. Nb5+ Kc4 39. Nd6+ Kb3 40. Re6 Rh6 41. Rxh6 gxh6 42. Nf7 Kxa3 43. Nxh6 Kb3 44. g5 1-0